Woman on the edge of time /

Đã lưu trong:
Chi tiết về thư mục
Tác giả chính: Piercy, Marge
Định dạng: Sách
Ngôn ngữ:Tiếng Anh
Được phát hành: New York Fawcett Crest Ballantine books 1976
Các nhãn: Thêm thẻ
Không có thẻ, Là người đầu tiên thẻ bản ghi này!

MARC

LEADER 00000nam a2200000 4500
001 CDOM0000005526
003 mi
005 20250921140824.0
008 250921b |||||||| |||| 00| 0 eng d
020 |a 0449210820 
040 |c mi 
100 |a Piercy, Marge 
245 1 |a Woman on the edge of time /  |c Marge Piercy 
260 |a New York  |b Fawcett Crest  |b Ballantine books  |c 1976 
300 |a 381 p.  |c 18 cm. 
500 |a La Biblioteca possiede anche la versione italiana. 
942 |2 ddc  |c BK 
952 |0 0  |1 0  |2 ddc  |4 0  |6 B_LNR02PIEMAWOM11  |7 0  |9 7866  |a MI  |b MI  |d 2013-06-11  |i 6550  |l 0  |o B-LNR02-PIEMA-WOM11  |p CDOM6550  |r 2025-07-13 16:28:00  |w 2025-07-13  |x DONO  |y BK 
999 |c 6537  |d 6537